000 00723nam a22002057a 4500
003 0
005 20250408175452.0
008 240906b xxu||||| |||| 00| 0 eng d
020 _a978-1-03-241929-9
050 _aRJ 496
_b.G37 2024
100 _aGarofallou, Linda
_eauthor.
245 _aAn at-home guide to children's sensory and behavioral problems :
_cLinda Garofallou and Louisa Silva.
260 _aNew York, NY :
_bRoutledge,
_c2024.
300 _axix, 231 p. :
_bill. ;
_c28 cm.
504 _aIncludes bibliographical references and index.
650 _aSensory integration dysfunction in children
_xPhysical therapy.
650 _aQi gong
_xTherapeutic use.
650 _aMassage for children.
942 _2lcc
_cBK
999 _c366187
_d366187